Normal view
MARC view
- Sciandra, Michael R.
Entry Personal Name
001 - CONTROL NUMBER
- control field: 47003
003 - CONTROL NUMBER IDENTIFIER
- control field: OSt
005 - DATE AND TIME OF LATEST TRANSACTION
- control field: 20221212143114.0
008 - FIXED-LENGTH DATA ELEMENTS
- fixed length control field: 221212|| aca||aabn | a|a d
040 ## - CATALOGING SOURCE
- Original cataloging agency: OSt
- Transcribing agency: OSt
100 ## - HEADING--PERSONAL NAME
- Personal name: Sciandra, Michael R.
670 ## - SOURCE DATA FOUND
- Source citation: Work cat.: (OSt): Sciandra, Michael R., Money Talks, but will Consumers Listen? Referral Reward Programs and the Likelihood of Recommendation Acceptance /, © January 2019.
